书目信息 |
| 题名: |
名利场
|
|
| 作者: | 萨克雷 著 ;荣如德 译 | |
| 分册: | 下册 | |
| 出版信息: | 伊犁 伊犁人民出版社 |
|
| 页数: | 500页 | |
| 开本: | 21cm | |
| 丛书名: | 译文名著文库 | |
| 单 册: | ||
| 中图分类: | I561.44 | |
| 科图分类: | ||
| 主题词: | 长篇小说--chang pian xiao shuo--英国--近代 | |
| 电子资源: | ||
| ISBN: | 978-7-5425-0548-4 | |
| 000 | 01020nam 2200265 450 | |
| 001 | 1955132910 | |
| 005 | 20191122151908.05 | |
| 010 | @a978-7-5425-0548-4@dRMB 27.00 | |
| 100 | @a20080602d em y0chiy0120 ea | |
| 101 | 1 | @achi@ceng |
| 102 | @aCN@b310000 | |
| 105 | @ay z 000ay | |
| 200 | 1 | @a名利场@Aming li chang@h下册@f(英) 萨克雷著@F(ying)sa ke lei zhu@d= Vanity fair@fWilliam Makepeace Thackeray@g荣如德译@Grong ru de yi@zeng |
| 210 | @a伊犁@c伊犁人民出版社 | |
| 215 | @a500页@d21cm | |
| 225 | 2 | @a译文名著文库@Ayi wen ming zhu wen ku@v106 |
| 330 | @a本书是英国十九世纪小说家萨克雷的成名作品,也是他生平著作里最经得起时间考验的杰作。故事取材于很热闹的英国十九世纪中上层社会。 | |
| 410 | 0 | @12001 @a译文名著文库 |
| 500 | 10 | @aVanity fair@mChinese |
| 606 | 0 | @a长篇小说@Achang pian xiao shuo@y英国@z近代 |
| 690 | @aI561.44@v4 | |
| 701 | 1 | @a萨克雷@Asa ke lei@g(Thackeray, William Makepeace)@4著 |
| 702 | 0 | @a荣如德@Arong ru de@4译 |
| 801 | 0 | @aCN@bQSSK@c20080602 |
| 905 | @a10447@dI561.44@eS0061:2 | |
| 名利场.下册/(英) 萨克雷著= Vanity fair/William Makepeace Thackeray/荣如德译.-伊犁:伊犁人民出版社 |
| 500页;21cm.-(译文名著文库;106) |
| ISBN 978-7-5425-0548-4:RMB 27.00 |
| 本书是英国十九世纪小说家萨克雷的成名作品,也是他生平著作里最经得起时间考验的杰作。故事取材于很热闹的英国十九世纪中上层社会。 |
| ● |
| 相关链接 |
|
|
|
正题名:名利场
索取号:I561.44/S0061:2
 
预约/预借
| 序号 | 登录号 | 条形码 | 馆藏地/架位号 | 状态 | 备注 |
| 1 | 1452312 | 214523121 | 文学库116/116文学库 20排3列2层/ [索取号:I561.44/S0061:2] | 在馆 |